[Event "OP-2011-0-01972"]
[Site "LSS email"]
[Date "2011.12.31"]
[Round "?"]
[White "Groznov, Vladmir"]
[Black "Secondi, Alberto"]
[Result "1-0"]
[WhiteElo "1376"]
[BlackElo "590"]
[PlyCount "61"]
[EventDate "2011.12.28"]
[EventType "tourn (corr)"]
[EventRounds "4"]
[EventCountry "GER"]
[SourceTitle "Telechess CBM 157"]
[Source "ChessBase"]
[SourceDate "2013.11.12"]
[SourceVersion "1"]
[SourceVersionDate "2013.11.12"]
[SourceQuality "1"]

1. d4 d5 2. c4 c6 3. Nc3 g6 4. Nf3 Bg7 5. cxd5 cxd5 6. Bf4 e6 7. Qb3 Nc6 8. e3 Nf6 9. Rc1 0-0 10. Nb5 a6 11. Nc3 Bd7 12. Bd3 Na5 13. Qb4 b6 14. 0-0 Nh5 15. Bd6 Nc6 16. Qa3 b5 17. Bxf8 Bxf8 18. Qb3 Na5 19. Qd1 Rc8 20. Ne5 Nf6 21. a4 Nc4 22. Qe2 Bb4 23. Nxd7 Qxd7 24. Na2 Bd6 25. b3 Nb6 26. Rxc8+ Qxc8 27. axb5 axb5 28. Bxb5 Nfd7 29. Rc1 Qb7 30. Bc6 Kg7 31. Bxb7 1-0

[Event "ZL-2011-0-01019"]
[Site "LSS email"]
[Date "2011.11.18"]
[Round "?"]
[White "Groznov, Vladmir"]
[Black "Lauer, Fredric"]
[Result "1-0"]
[WhiteElo "1355"]
[BlackElo "1037"]
[PlyCount "20"]
[EventDate "2011.11.09"]
[EventType "match (corr)"]
[EventRounds "2"]
[EventCountry "GER"]
[SourceTitle "Corr 2015"]
[Source "ChessBase"]
[SourceDate "2015.07.17"]
[SourceVersion "1"]
[SourceVersionDate "2015.07.17"]
[SourceQuality "1"]

1. d4 e6 2. e3 c5 3. Bd3 cxd4 4. exd4 d5 5. Nd2 Nf6 6. f4 Bd6 7. Nh3 e5 8. fxe5 Bxh3 9. gxh3 Qe7 10. Qe2 Ne4 1-0

[Event "ZL-2011-0-01019"]
[Site "LSS email"]
[Date "2011.11.18"]
[Round "?"]
[White "Lauer, Fredric"]
[Black "Groznov, Vladmir"]
[Result "0-1"]
[WhiteElo "1037"]
[BlackElo "1355"]
[PlyCount "36"]
[EventDate "2011.11.09"]
[EventType "match (corr)"]
[EventRounds "2"]
[EventCountry "GER"]
[SourceTitle "Telechess CBM 149"]
[Source "ChessBase"]
[SourceDate "2012.07.17"]
[SourceVersion "1"]
[SourceVersionDate "2012.07.17"]
[SourceQuality "1"]

1. e4 e6 2. d4 d5 3. Nc3 Nf6 4. Bg5 Bb4 5. e5 h6 6. Bd2 Bxc3 7. Bxc3 Ne4 8. Qg4 0-0 9. Bd3 Nxc3 10. bxc3 c5 11. h4 Qa5 12. Kd2 cxd4 13. Qxd4 Nc6 14. Qf4 d4 15. Ne2 dxc3+ 16. Nxc3 Nxe5 17. Rh3 Nxd3 18. cxd3 e5 0-1

[Event "CP-2010-P-00022"]
[Site "LSS email"]
[Date "2010.09.28"]
[Round "?"]
[White "Groznov, Vladmir"]
[Black "Gazen, Louis"]
[Result "1-0"]
[WhiteElo "1355"]
[BlackElo "1969"]
[PlyCount "146"]
[EventDate "2010.10.01"]
[EventType "tourn (corr)"]
[EventRounds "6"]
[EventCountry "GER"]
[SourceTitle "Telechess CBM 151"]
[Source "ChessBase"]
[SourceDate "2012.11.13"]
[SourceVersion "1"]
[SourceVersionDate "2012.11.13"]
[SourceQuality "1"]

1. d4 d5 2. c4 dxc4 3. Nf3 Nf6 4. Nc3 a6 5. a4 Nc6 6. a5 e6 7. e3 Bb4 8. Bxc4 0-0 9. 0-0 Nxa5 10. Bd3 Nc6 11. Qb3 b6 12. Ne4 Nd5 13. Qc2 Bb7 14. Nc3 f5 15. Bd2 g6 16. Bc4 Qd6 17. e4 fxe4 18. Nxe4 Qd7 19. Bg5 Qg7 20. Qd3 Na5 21. Rfb1 Nxc4 22. Qxc4 a5 23. Qb3 h6 24. Bd2 Bxd2 25. Nexd2 Nf4 26. Re1 Nxg2 27. Qxe6+ Kh8 28. Kxg2 Qxd4 29. Qe5+ Qxe5 30. Rxe5 Rad8 31. Kg3 Rf7 32. Rae1 Kg7 33. h4 Kf8 34. R1e3 Rfd7 35. b3 Rf7 36. Nc4 Bd5 37. Rc3 Bxf3 38. Rxf3 Rxf3+ 39. Kxf3 Rd3+ 40. Re3 Rd4 41. Ne5 Kg7 42. Rc3 Rxh4 43. Rxc7+ Kf6 44. Nd3 Rd4 45. Ke3 Rd6 46. Rb7 h5 47. Nb2 Kg5 48. Nc4 Re6+ 49. Kf3 Rf6+ 50. Kg3 h4+ 51. Kg2 Rf4 52. Rxb6 a4 53. Ne3 axb3 54. Rxb3 Kh5 55. f3 Ra4 56. Rd3 Kg5 57. Kh3 Kh5 58. Ng4 Rf4 59. Rd5+ g5 60. Ne5 Rf5 61. Rb5 Kh6 62. Rb6+ Kh7 63. Re6 Rf4 64. Rb6 Rf5 65. Rb7+ Kh6 66. Re7 Rf4 67. Rf7 Ra4 68. Rf6+ Kg7 69. Rg6+ Kf8 70. Rxg5 Ke7 71. Rg4 Ra1 72. Kxh4 Kf6 73. Re4 Kf5 1-0

[Event "OP-2010-0-01101"]
[Site "LSS email"]
[Date "2010.03.04"]
[Round "?"]
[White "Vasquez Nigro, Dario Javier"]
[Black "Groznov, Vladmir"]
[Result "1-0"]
[WhiteElo "2072"]
[BlackElo "1290"]
[PlyCount "55"]
[EventDate "2010.02.28"]
[EventType "tourn (corr)"]
[EventRounds "4"]
[EventCountry "GER"]
[SourceTitle "Telechess CBM 147"]
[Source "ChessBase"]
[SourceDate "2012.03.16"]
[SourceVersion "1"]
[SourceVersionDate "2012.03.16"]
[SourceQuality "1"]

1. e4 e6 2. d4 d5 3. Nc3 Nf6 4. Bg5 Be7 5. e5 Nfd7 6. h4 Bxg5 7. hxg5 Qxg5 8. Qd3 h6 9. Nh3 Qe7 10. f4 c5 11. Qg3 Kf8 12. Nb5 Nc6 13. dxc5 Nxc5 14. Nd6 f6 15. 0-0-0 Kg8 16. Bb5 Nd7 17. Bxc6 bxc6 18. Rde1 Rb8 19. Qa3 a6 20. Re3 Qd8 21. Rhe1 f5 22. Rg1 c5 23. g4 fxg4 24. Rxg4 Rh7 25. Rg1 Rb4 26. f5 exf5 27. e6 Nf6 28. e7 1-0

[Event "OP-2010-0-01082"]
[Site "LSS email"]
[Date "2010.02.13"]
[Round "?"]
[White "Fair, Martin"]
[Black "Groznov, Vladmir"]
[Result "1-0"]
[WhiteElo "1136"]
[BlackElo "1074"]
[PlyCount "65"]
[EventDate "2010.02.09"]
[EventType "tourn (corr)"]
[EventRounds "4"]
[EventCountry "GER"]
[SourceTitle "Corr 2013"]
[Source "ChessBase"]
[SourceDate "2012.11.12"]
[SourceVersion "1"]
[SourceVersionDate "2012.11.12"]
[SourceQuality "1"]

1. d4 d5 2. c4 dxc4 3. e4 e5 4. Nf3 exd4 5. Bxc4 Nc6 6. 0-0 Be6 7. Bb5 Bc5 8. Nbd2 Nge7 9. Ng5 Qd7 10. Nxe6 Qxe6 11. Nb3 Qd6 12. Qg4 0-0 13. Bf4 Ne5 14. Qh5 N7g6 15. Bxe5 Nxe5 16. f4 Qb6 17. Nxc5 Qxb5 18. Qxe5 b6 19. Nb3 Qxe5 20. fxe5 c5 21. Nd2 Rae8 22. Nf3 h6 23. b4 Rb8 24. bxc5 bxc5 25. Rfc1 Rfc8 26. Rc4 a5 27. a3 a4 28. Rxa4 g5 29. Rc4 d3 30. Ra2 Rb1+ 31. Kf2 g4 32. Nd2 Rh1 33. Nf1 1-0

[Event "LSS ZN-2010-0-00918"]
[Site "LSS email"]
[Date "2010.02.10"]
[Round "?"]
[White "Galvein, Prospero"]
[Black "Groznov, Vladmir"]
[Result "0-1"]
[WhiteElo "560"]
[BlackElo "1083"]
[PlyCount "36"]
[EventDate "2010.02.06"]
[EventType "match (corr)"]
[EventRounds "2"]
[EventCountry "GER"]
[SourceTitle "Corr 2013"]
[Source "ChessBase"]
[SourceDate "2012.11.12"]
[SourceVersion "1"]
[SourceVersionDate "2012.11.12"]
[SourceQuality "1"]

1. e4 e6 2. Nf3 d5 3. Bb5+ Nc6 4. 0-0 dxe4 5. Bxc6+ bxc6 6. Ne5 Qd4 7. Ng4 Bd6 8. d3 exd3 9. Qxd3 Qxg4 10. g3 Nf6 11. Nc3 a5 12. a4 Ba6 13. Nb5 cxb5 14. axb5 Bb7 15. Bd2 Rd8 16. b3 Be4 17. Qc3 Bb4 18. Qxc7 Qf3 0-1

[Event "LSS ZN-2010-0-00916"]
[Site "LSS email"]
[Date "2010.02.08"]
[Round "?"]
[White "Bester, Kazimierz"]
[Black "Groznov, Vladmir"]
[Result "0-1"]
[WhiteElo "614"]
[BlackElo "800"]
[PlyCount "42"]
[EventDate "2010.02.06"]
[EventType "match (corr)"]
[EventRounds "2"]
[EventCountry "GER"]
[SourceTitle "Corr 2013"]
[Source "ChessBase"]
[SourceDate "2012.11.12"]
[SourceVersion "1"]
[SourceVersionDate "2012.11.12"]
[SourceQuality "1"]

1. c4 e5 2. Nf3 e4 3. Nd4 c5 4. Nb3 Nf6 5. Nc3 d6 6. d4 exd3 7. Qxd3 Nc6 8. Bg5 Be7 9. e3 Nb4 10. Qd1 Bf5 11. Rc1 0-0 12. a3 Nc6 13. Be2 h6 14. Bxf6 Bxf6 15. Bf3 Ne5 16. e4 Be6 17. Nd5 Bxd5 18. cxd5 c4 19. Nd2 Nd3+ 20. Kf1 Qb6 21. Nxc4 Qxf2# 0-1

[Event "LSS ZN-2010-0-00900"]
[Site "LSS email"]
[Date "2010.02.01"]
[Round "?"]
[White "Groznov, Vladmir"]
[Black "Neil, Charles"]
[Result "1-0"]
[WhiteElo "1290"]
[BlackElo "490"]
[PlyCount "23"]
[EventDate "2010.01.29"]
[EventType "match (corr)"]
[EventRounds "2"]
[EventCountry "GER"]
[SourceTitle "Corr 2015"]
[Source "ChessBase"]
[SourceDate "2015.07.17"]
[SourceVersion "1"]
[SourceVersionDate "2015.07.17"]
[SourceQuality "1"]

1. b4 e5 2. Bb2 Bxb4 3. Bxe5 Bf8 4. c4 d6 5. Bb2 c5 6. e3 Nc6 7. Nf3 Bg4 8. Be2 Nf6 9. Bxf6 Qxf6 10. Nc3 Be7 11. Nd5 Qb2 12. Nc7+ 1-0

[Event "LSS RN-2010-0-00256"]
[Site "LSS email"]
[Date "2010.01.26"]
[Round "?"]
[White "Groznov, Vladmir"]
[Black "Lebduska, Daniel"]
[Result "1-0"]
[WhiteElo "800"]
[BlackElo "627"]
[PlyCount "39"]
[EventDate "2010.01.10"]
[EventType "tourn (corr)"]
[EventRounds "6"]
[EventCountry "GER"]
[SourceTitle "Corr 2013"]
[Source "ChessBase"]
[SourceDate "2012.11.12"]
[SourceVersion "1"]
[SourceVersionDate "2012.11.12"]
[SourceQuality "1"]

1. b4 e5 2. Bb2 d6 3. c4 a6 4. Nc3 Qf6 5. Nf3 c6 6. e3 Ne7 7. d4 exd4 8. Nxd4 Nd7 9. Bd3 g6 10. Ne4 Qh4 11. Nxd6+ Kd8 12. Nxf7+ Kc7 13. Ne6+ Kb8 14. Bxh8 Nf5 15. Bxf5 Qxc4 16. Nxf8 Qxb4+ 17. Qd2 Qxf8 18. Bxd7 Qxf7 19. Qd6+ Ka7 20. Bd4+ 1-0

[Event "LSS RN-2010-0-00256"]
[Site "LSS email"]
[Date "2010.01.25"]
[Round "?"]
[White "Novak, Tibor"]
[Black "Groznov, Vladmir"]
[Result "0-1"]
[WhiteElo "800"]
[BlackElo "800"]
[PlyCount "46"]
[EventDate "2010.01.10"]
[EventType "tourn (corr)"]
[EventRounds "6"]
[EventCountry "GER"]
[SourceTitle "Corr 2013"]
[Source "ChessBase"]
[SourceDate "2012.11.12"]
[SourceVersion "1"]
[SourceVersionDate "2012.11.12"]
[SourceQuality "1"]

1. e4 c5 2. c4 Nc6 3. Nf3 d6 4. h3 Nf6 5. d4 cxd4 6. Nxd4 Nxe4 7. Bd3 Qa5+ 8. Kf1 Nxf2 9. Kxf2 Nxd4 10. Be3 Qe5 11. Bxd4 Qxd4+ 12. Kf1 Qxb2 13. Nd2 Qf6+ 14. Kg1 g6 15. Ne4 Qf4 16. Qe2 Bg7 17. Rf1 Bd4+ 18. Rf2 0-0 19. g3 Bxf2+ 20. Nxf2 Qxg3+ 21. Kf1 Be6 22. Ke1 d5 23. Rg1 Qxg1+ 0-1

[Event "OP-2010-0-01059"]
[Site "LSS email"]
[Date "2010.01.24"]
[Round "?"]
[White "Tamashiro, Ariel"]
[Black "Groznov, Vladmir"]
[Result "0-1"]
[WhiteElo "1358"]
[BlackElo "1149"]
[PlyCount "58"]
[EventDate "2010.01.20"]
[EventType "tourn (corr)"]
[EventRounds "4"]
[EventCountry "GER"]
[SourceTitle "Corr 2013"]
[Source "ChessBase"]
[SourceDate "2012.11.12"]
[SourceVersion "1"]
[SourceVersionDate "2012.11.12"]
[SourceQuality "1"]

1. e4 c5 2. f4 d6 3. Nf3 Nf6 4. Nc3 Nc6 5. Bb5 e6 6. Bxc6+ bxc6 7. 0-0 Ba6 8. d3 Qb6 9. Kh1 c4 10. d4 Be7 11. Qe1 0-0 12. Rb1 Rab8 13. Be3 d5 14. exd5 Nxd5 15. Nxd5 cxd5 16. c3 Bb5 17. Qg3 Qa6 18. a3 Ba4 19. Qf2 Qb5 20. g4 Qb3 21. Rfc1 Qa2 22. Kg2 Rb6 23. Nd2 Bd7 24. h3 Rd8 25. Qe1 Rdb8 26. Rc2 Rxb2 27. Rcxb2 Rxb2 28. Ra1 Qb3 29. Qc1 Rc2 0-1

[Event "OP-2010-0-01059"]
[Site "LSS email"]
[Date "2010.01.24"]
[Round "?"]
[White "Venturas, Bob"]
[Black "Groznov, Vladmir"]
[Result "0-1"]
[WhiteElo "555"]
[BlackElo "800"]
[PlyCount "96"]
[EventDate "2010.01.20"]
[EventType "tourn (corr)"]
[EventRounds "4"]
[EventCountry "GER"]
[SourceTitle "Corr 2013"]
[Source "ChessBase"]
[SourceDate "2012.11.12"]
[SourceVersion "1"]
[SourceVersionDate "2012.11.12"]
[SourceQuality "1"]

1. e4 e6 2. d4 d5 3. e5 c5 4. Nf3 Nc6 5. c4 dxc4 6. Bxc4 cxd4 7. 0-0 Bc5 8. Nbd2 Nge7 9. Ne4 Qb6 10. Qb3 0-0 11. Qxb6 Bxb6 12. Bf4 Ng6 13. Bg3 h5 14. Rad1 h4 15. Nxh4 Ngxe5 16. Bxe5 Nxe5 17. Bb3 Bd7 18. Nf3 Nxf3+ 19. gxf3 Bb5 20. Rfe1 Ba5 21. Nd2 Bd3 22. Kg2 Rac8 23. Re5 Bc7 24. Rh5 g6 25. Rh4 Be5 26. f4 Bf6 27. Rh3 Bf5 28. Rg3 Bh4 29. Rf3 Bg4 30. Rd3 Bxd1 31. Bxd1 Rfd8 32. Nf3 Bf6 33. Kg3 Rc5 34. Kg2 Rb5 35. Ne5 Bxe5 36. fxe5 Rxe5 37. Bf3 Kg7 38. Bxb7 Rb5 39. Rb3 Rxb3 40. axb3 Rb8 41. Ba6 Rxb3 42. h4 d3 43. Bc4 Rxb2 44. Bxd3 a5 45. Kf3 a4 46. Bc4 a3 47. Ke3 a2 48. Bxa2 Rxa2 0-1